000
00308nam a22001337a 4500
020
_a
818269563-5
082
_a
425
_b
ARO/C
100
_a
ARORA,PHAGUN
245
_a
COMPREHENSIVE ENGLISH GRAMMAR
260
_a
DELHI
_b
BLACK ROSE PUBLICATIONS
300
_a
248
650
_a
ENGLISH GRAMMAR
_z
INDIA
942
_c
BK
999
_c
3814
_d
3814